000 00629nam a2200241 a 4500
001 nice12345678
003 IN_TiNIC
005 20260116012605.0
008 050524s1960 raja grp 000 0 urd
020 _a
_c1.25
082 0 0 _a491.43
_bZAI
100 _aZaidi, S Mohammad Ali
245 _aRajasthan Urdu Reader, Part 2 and 3 Bound Together
260 _aRajasthan
_bRajiya Prakash
_c1960
300 _a88p, 108p
500 _aincludes index and biblioraphy
505 2 _aBibliography, Index
650 _aUrdu-Coursr Book
700 1 _aZaidi, S Mohammad Ali
902 _bSRS
942 _cBK
999 _c7572
_d7572